Simulation von produktionsprozessen in bezug auf die finanzströme diplomová práca

Gespeichert in:
Bibliographische Detailangaben
1. Verfasser: Hrašková, Miroslava
Körperschaft: Ekonomická univerzita v Bratislave. Ústav medzinárodných programov
Weitere Verfasser: Ivaničová, Zlatica
Format: Buch
Sprache:Deutsch
Veröffentlicht: Bratislava 2011
Tags: Tag hinzufügen
Keine Tags, Fügen Sie das erste Tag hinzu!

MARC

LEADER 00000nam a2200000 4500
001 0150300
005 20240318115038.9
041 0 |a ger 
044 |a SK 
245 1 0 |a Simulation von produktionsprozessen in bezug auf die finanzströme  |b diplomová práca  |c Miroslava Hrašková ; školiteľ: Zlatica Ivaničová 
264 1 |a Bratislava  |c 2011 
300 |a 62 s. 
100 1 |a Hrašková, Miroslava 
700 1 |a Ivaničová, Zlatica 
710 2 |a Ekonomická univerzita v Bratislave. Ústav medzinárodných programov